Misteri syaitan
Buku ini merungkai hikmah di sebalik kewujudan jin dan syaitan yang terdapat dalam al-Quran
Saved in:
| Main Author: | |
|---|---|
| Format: | Book |
| Language: | Malay |
| Published: |
Batu Caves, Selangor
Must Read
2014
|
| Subjects: | |
| Tags: |
Add Tag
No Tags, Be the first to tag this record!
|
| Call Number : | BP 166.89 .K43 2014 |
MARC
| LEADER | 00000nam a2200000 i 4500 | ||
|---|---|---|---|
| 001 | 98675 | ||
| 003 | MY-KLNDU | ||
| 005 | 20241220022658.0 | ||
| 008 | 221104 2014 my b 000 0 may d | ||
| 020 | |a 9789670716114 | ||
| 039 | 9 | |a 202211041136 |b VLOAD |c 201602191012 |d azraai |y 201511231616 |z zubir | |
| 040 | |a UPNM |b eng |c UPNM |e rda | ||
| 090 | |a BP 166.89 |b .K43 2014 | ||
| 100 | 0 | |a Khairul Anuar |e author | |
| 245 | 1 | 0 | |a Misteri syaitan |c Khairul Anuar |
| 264 | 1 | |a Batu Caves, Selangor |b Must Read |c 2014 | |
| 300 | |a xiv, 165 pages |c 22 cm | ||
| 336 | |a text |2 rdacontent | ||
| 337 | |a unmediated |2 rdamedia | ||
| 338 | |a volume |2 rdacarrier | ||
| 504 | |a Includes bibliographical references | ||
| 505 | 0 | |a Sejarah permusuhan manusia dan syaitan -- Siapakah jin? -- Nama-nama syaitan dalam al-Quran -- Pintu kemasukan syaitan | |
| 520 | |a Buku ini merungkai hikmah di sebalik kewujudan jin dan syaitan yang terdapat dalam al-Quran | ||
| 592 | |a IN17072 |b 28/1/16 |c RM19.00 |h Intrabakti | ||
| 650 | 0 | |a Devil |x Islam | |
| 650 | 0 | |a Jinn | |
| 999 | |a vtls000054896 |c 98675 |d 98675 | ||


